000 00521cam a2200169 4500500
005 20260405002202.0
041 _afre
042 _adc
100 1 0 _ade Oliveira, Victorine
_eauthor
245 0 0 _aLes nouveaux dissidents
260 _c2016.
500 _a44
690 _aDissidence
690 _aMichel Eltchaninoff
786 0 _nPhilosophie magazine | 98 | 4 | 2016-04-01 | p. 58-58 | 1951-1787
856 4 1 _uhttps://shs.cairn.info/magazine-philosophie-magazine-2016-4-page-58?lang=fr&redirect-ssocas=7080
999 _c2055166
_d2055166